Statistics for Harry Potter General Knowledge

Click here to take the quiz!

General Stats

  • This quiz has been taken 28,880 times
    (28,865 since last reset)
  • The average score is 12 of 15

Answer Stats

Hint Answer % Correct
What is Voldemort's given name?Tom Riddle
97%
Who is the godfather of Harry Potter?Sirius Black
93%
How many siblings does Ron Weasley have?6
93%
What is the 4th book in the harry potter series?The Goblet of Fire
91%
What is the name of Harry's Father?James Potter
89%
How many players are there on a quidditch team?7
88%
What position on a quidditch team chases the golden snitch?The seeker
87%
Who does Harry save from the Chamber of Secrets?Ginny Weasley
85%
Who destroys the last horcrux?Neville Longbottom
83%
What is the most powerful wand to exist?The elder wand
83%
What is the name of the death-eater that shape shifts into Ron's pet rat?Peter Pettigrew
82%
What popular drink is served at the Three Broomsticks?Butterbeer
80%
An unforgivable curse that allows one to take control of anothers mind.Imperius curse
75%
Which potion will give the user good luck?Felix Felicis (liquid luck)
59%
What is professor Dumbledore's full name?Albus Percival Wulfric Brian Dumbledore
38%

Score Distribution

Percentile by Number Answered

Percent of People with Each Score

Your Score History

You have not taken this quiz since the last reset